| 000 | 00770nam a2200217 i 4500 | ||
|---|---|---|---|
| 001 | 145369 | ||
| 003 | ES-MaACL | ||
| 005 | 20250820140334.0 | ||
| 007 | t| | ||
| 008 | 070214m19151917xxk r ||||1| eng d | ||
| 080 | _a821.111-4"17" | ||
| 245 | 0 | 4 |
_aThe spectator / _cby Joseph Addison, Richard Steele & others. |
| 260 |
_aLondon & Toronto : _bJ.M. Dent & Sons ; _aNew York : _bE.P. Dutton & CO, 1915-[1917] |
||
| 300 |
_a4 v. (XI, 377; 313; 314; 331 p.) ; _c18 cm. |
||
| 490 | 1 | _aEveryman's library. Essays / edited by Ernest Rhys | |
| 700 | 1 |
_aAddison, Joseph, _d1672-1719 _918423 |
|
| 700 | 1 |
_aSteele, Richard. _9160495 |
|
| 830 | 0 |
_aEveryman's library. Essays / edited by Ernest Rhys _9220756 |
|
| 852 |
_aES-MaACL _jG-14698-701 |
||
| 999 |
_c145369 _d145369 |
||